000 00535nam a22001817a 4500
999 _c182698
_d182698
005 20211202111322.0
010 _aENG-130168
020 _a978-81-7883-800-7
_c700.00
035 _aEN-113700
037 _bDBAD/PUB
082 _a100
100 _aTapasyananda, Swami.
245 _aBhakti Schools of Vedanta
_cSwami Tapasyananda
260 _aChennai
_bAdhyaksha
_c2019
270 _bChennai
_aSri Ramakrishan Math, Mylapore
300 _axvii, 514p.
_c21cm(hbk)
_bAppendices, Index
942 _2ddc
_cEN
_h100
_mSWA